El lenguaje de la arquitectura posmoderna
| Main Author: | |
|---|---|
| Format: | Section = Libro |
| Language: | Undetermined Spanish |
| Published: |
Barcelona
Gustavo Gili
1984
|
| Edition: | 3a.ed. |
| Subjects: |
| LEADER | 00506nam a2200193Ia 4500 | ||
|---|---|---|---|
| 008 | 240829s9999 xx 000 0 und d | ||
| 020 | |a 84-252-1195-6 | ||
| 040 | |a BIBLIOTECA-RUSB/ Res 724.9 J51 | ||
| 041 | |a spa | ||
| 082 | |a Res 724.9 J51 | ||
| 100 | 1 | |a Jencks, Charles | |
| 245 | 1 | 0 | |a El lenguaje de la arquitectura posmoderna |
| 250 | |a 3a.ed. | ||
| 260 | |a Barcelona |b Gustavo Gili |c 1984 | ||
| 300 | |a 168 p. :il. | ||
| 650 | 7 | |a ARQUITECTURA MODERNA-SIGLO XX | |
| 942 | |c BK |2 ddc | ||
| 991 | |a TEXTO | ||
| 999 | |c 6851 | ||